New York Islanders 2023-24 Roster - Statistics

General Stats
  • This quiz has been taken 115 times
    49 since last reset
  • The average score is 23 of 28
Answer Stats
Hint Answer % Correct
30 G Ilya Sorokin
100%
13 F Mathew Barzal
100%
6 D Ryan Pulock
100%
40 G Seymon Varlamov
100%
3 D Adam Pelech
95%
14 F Bo Horvat
95%
17 F Matt Martin
95%
28 D Alexander Romanov
93%
27 F Anders Lee
93%
29 F Brock Nelson
93%
53 F Casey Cizikas
93%
8 D Noah Dobson
93%
24 D Scott Mayfield
93%
15 F Cal Clutterbuck
91%
44 F Jean-Gabriel Pageau
88%
18 F Pierre Engvall
86%
10 F Simon Holmstrom
84%
32 F Kyle Maclean
77%
26 F Oliver Wahlstrom
77%
21 F Kyle Palmieri
74%
2 D Mike Reilly
74%
25 D Sebastian Aho
74%
20 F Hudson Fasching
72%
41 D Robert Bortuzzo
58%
4 D Samuel Bolduc
56%
16 F Julien Gauthier
53%
50 G Ken Appleby
42%
37 F Ruslan Iskhakov
42%
No matching quizzes found
Score Distribution
Percent of People with Each Score
Percentile by Number Answered
Your Score History
You have not taken this quiz since the last reset